00748nam a22002297a 4500003000500000005001700005008004100022010001100063011001100074020001500085035001100100040000900111082001300120100003500133245014100168260005600309300002000365650002800385650004200413700003200455700003100487CHAP20220329143722.0110405s1996 mx r 00010 spa d a100856 a101828 a9681649419 a112516 cCHAP04a541bG161 aGarcía Fernández, Horacio.10aIntroducción a la física y a la químicac/por Horacio García Fernández, Glinda Irazoque Palazuelos y Vicente Talanquer Artigas aMéxico, D.F. :bFondo de Cultura Economica,c1996 a167 p. :bilus.14aEducación secundaria.14aFisicoquimicaxEstudio y enseñanza.1 aIrazoque Palazuelos, Glinda1 aTalanquer Artigas, Vicente